Born in Beijing - Statistics

General Stats
  • This quiz has been taken 13 times
  • The average score is 8 of 13
Answer Stats
Hint Answer % Correct
President of China since 2012 1953 Xi Jinping
100%
Actor, "The Expendables" "Once Upon a Time in China" "Lethal Weapon 4" 1963 Jet Li
82%
Author of "The Three-Body Problem" 1963 Liu Cixin
73%
Singer, often labeled "The Father of Chinese Rock" 1961 Cui Jian
64%
Chinese-American director, "The Farewell" "Posthumous" 1983 Lulu Wang
64%
Foreign Minister of China from 2012 to 2022 1953 Wang Yi
64%
Actor and director, he is one of the most profitable actors in China, "Wolf Warrior" "Sha Po Lang" 1974 Wu Jing
64%
Former table tennis player who is considered one of the greatest female players in the sport's history 1981 Zhang Yining
55%
Actress, "Memoirs of a Geisha" "Crouching Tiger, Hidden Dragon" "The Grandmaster" 1979 Zhang Ziyi
55%
Artist and activist, he's a prominent critic of the Chinese government and lives in exile since 2015 1957 Ai Weiwei
36%
Singer and actress, one of the most succesful "Canto-Pop" singers and best known in the West for starring in "Chungking Express" 1969 Faye Wong
36%
Chinese-American inventor who is best known for inventing the self-balancing hoverboard 1956 Shane Chen
36%
One of China's most succesful commercial filmmaker, "The Dream Factory" "Assembly" 1958 Feng Xiaogang
27%
No matching quizzes found
Score Distribution
Percent of People with Each Score
Percentile by Number Answered
Your Score History
You have not taken this quiz